Философы России ХIХ-ХХ столетий: биографии, идеи, труды

Detalhes bibliográficos
Idioma:russo
Publicado em: Москва, Книга и бизнес, 1993
Assuntos:
Formato: Livro
KOHA link:https://koha.lib.tpu.ru/cgi-bin/koha/opac-detail.pl?biblionumber=19558

MARC

LEADER 00000nam0a2200000 4500
001 19558
005 20231101205302.0
010 |a 5212007976 
035 |a (RuTPU)RU\TPU\book\19725 
035 |a BOOK00004414 
090 |a 19558 
100 |a 20011209d1993 km y0rusy50 ca 
101 0 |a rus 
102 |a RU 
105 |a y g 000zd 
200 1 |a Философы России ХIХ-ХХ столетий  |e биографии, идеи, труды 
210 |a Москва  |c Книга и бизнес  |d 1993 
215 |a 222 с. 
606 1 |a Русская философия  |x история  |z 20 в.  |2 stltpush  |3 (RuTPU)RU\TPU\subj\67507  |9 83282 
610 1 |a философия 
610 1 |a 19 век 
610 1 |a 20 век 
610 1 |a история 
610 1 |a справочники 
610 1 |a персоналии 
686 |a Ю3(2)6я2  |v LBC/SL-A  |2 rubbk 
801 0 |a RU  |b 63413507  |c 20011209  |g PSBO 
801 2 |a RU  |b 63413507  |c 20140922  |g PSBO 
942 |c BK